00558nam a22001937a 4500003000400000008004100004020001500045082001600060100001700076245008000093250003300173260005100206300001000257650002000267650001400287650001600301650002700317700002000344OSt250402b |||||||| |||| 00| 0 eng d a8170400945 a338.1bS12F aSadhu, A. N. aFundamentals of Agricultural Economics / cby A. N. Sadhu and Amarjit Singh a3rd revised and enlarged ed. a.- Bombayb: Himalaya Publishing Housec, 1989 a425p. aSocial Sciences aEconomics aAgriculture aAgricultural Economics aSingh, Amarjit.